000 02209nam a22003257a 4500
003 URS
005 20240717224002.0
020 _a9781526445261 (pbk.)
040 _erda
_cURS
_bEnglish
050 0 0 _aRT24
_b.P931 2019
100 _aPrice, Bob,
_eauthor.
_95882
245 1 0 _aCritical thinking and writing for nursing students /
_cBob Price & Anne Harrington.
250 _a4th edition.
264 _aLondon :
_bLearning Matters, an imprint of SAGE Publications Ltd,
_c©2019.
300 _axi, 201 pages :
_billustrations ;
_c25 cm.
336 _atext
_btxt
_2rdacontent
337 _aunmediated
_bn
_2rdamedia
338 _avolume
_bnc
_2rdacarrier
504 _aIncludes bibliographical references (pages 190-196) and index.
505 _aPart 1: Understanding thinking, reflecting and writing. Critical thinking ; Reflecting ; Scholarly writing -- Part 2: Critical thinking and reflecting in nursing contexts. Making sense of lectures ; Making sense of demonstrations, seminars and workshops ; Making sense of clinical placements ; Making use of electronic media -- Part 3: Expressing critical thought and reflection. Critiquing evidence-based literature ; Writing the analytical essay ; Writing the reflective essay ; Building and using your portfolio of learning.
520 _a"This book is a clear and practical guide to help students develop critical thinking, writing and reflection skills. It explains what critical thinking is and how students should use it throughout their nursing programme. This new edition also provides an innovative new framework that helps students appreciate different levels of critical thinking and reflection to help nursing students appreciate the requirements of degree level study. The book demonstrates the transferable nature of critical thinking and reflection from academic contexts to the real practice of nursing"--Publisher's description.
650 0 _aNursing
_xEducation.
_95876
650 0 _aNursing students.
_95877
650 0 _aNursing
_xAuthorship.
_95878
650 0 _aCritical thinking.
_9378
650 0 _aSelf-knowledge, Theory of.
_95879
650 0 _aMedical writing.
_95880
700 _aHarrington, Anne,
_eauthor.
_95881
942 _2lcc
_cR
999 _c80715
_d80714